000 00181nam a2200085 4500
001 1232407
005 20250922133927.0
245 _aMATEMATİK KARALAMA KİTABI
_c.
260 _bTÜBİTAK
999 _c1232407
_d1232407